| 000 | 00698nam a2200193 a 4500 | ||
|---|---|---|---|
| 005 | 20260322212027.0 | ||
| 008 | data | ||
| 010 | _a91-20027 | ||
| 096 | _aWM 172 P272c 1991 | ||
| 100 | 1 | _aPatel, Chandra | |
| 245 | 1 | 4 |
_aThe complete guide to stress management _cChandra Patel. |
| 260 |
_aNew York _bPlenum Press _cc1991 |
||
| 300 |
_axiv, 361 p. : _b ill. |
||
| 500 | _aIncludes bibliographical references (P. 339-348) and index | ||
| 650 | 4 | _aStress (Psychology). | |
| 650 | 4 | _aStress management. | |
| 856 | 4 | 0 |
_uhttps://openlibrary.org/works/OL4094000W/The_Complete_Guide_to_Stress_Management?edition=completeguidetos0000pate _yOnline access from the Open Library. _zRequires free sign up. |
| 001 | data | ||
| 999 |
_c623 _d623 |
||